| 000 | 00407nam a22001571a 4500 | ||
|---|---|---|---|
| 020 | _a9780195647662 | ||
| 082 |
_a320.9 _bPAR/P |
||
| 100 | _aPartha Chatterjee | ||
| 245 |
_aPossible India: _bessays in political criticism/ _cby Partha Chatterjee |
||
| 260 |
_c1999. _a _b |
||
| 300 | _a301p. | ||
| 650 | _aPolitical Conditions | ||
| 650 | _aPolitical Science | ||
| 650 | _aSocial Sciences | ||
| 942 | _cBK | ||
| 999 |
_c35136 _d35136 |
||